KOHA-Header-6

Elementary linear Algebra with supplemental applications (Record no. 1585)

000 -LEADER
fixed length control field 00342nam a2200133Ia 4500
008 - FIXED-LENGTH DATA ELEMENTS--GENERAL INFORMATION
fixed length control field 190723s9999 xx 000 0 und d
020 ## - INTERNATIONAL STANDARD BOOK NUMBER
International Standard Book Number 978-81-265-6296-1
100 ## - MAIN ENTRY--PERSONAL NAME
Personal name Howard Anton
245 #0 - TITLE STATEMENT
Title Elementary linear Algebra with supplemental applications
250 ## - EDITION STATEMENT
Edition statement 11th
260 ## - PUBLICATION, DISTRIBUTION, ETC. (IMPRINT)
Place of publication, distribution, etc India
Name of publisher, distributor, etc Wiley
Date of publication, distribution, etc 2015
300 ## - PHYSICAL DESCRIPTION
Extent 769.:p
942 ## - ADDED ENTRY ELEMENTS (KOHA)
Koha item type Books
Holdings
Withdrawn status Lost status Damaged status Not for loan Collection code Permanent Location Current Location Shelving location Date acquired Total Checkouts Total Renewals Full call number Barcode Date last seen Date checked out Price effective from Koha item type
        Mathematics MAJU MAJU Shelf No.B31 2019-07-23 5 2 512.5 8208 2024-02-03 2024-01-19 2019-07-23 Mathematics

Powered by Koha